000 00624nam a22002417a 4500
003 UA-OsUOA
001 119780
007 ta
008 20161117b un ||||| |||| 00| 0 ukr d
100 _aСверстюк Є. О.
090 _a821.161.2
_bС24
942 _cBK
040 _aUA-OsUOA
_bukr
_cUA-OsUOA
_dUA-OsUOA
245 _aПисані синім крилом
300 _a256 с.
955 _a3
041 _aukr
080 _a821.161.2
020 _a978-617-7023-34-9
260 _aК.
_bКліо
_c2015
650 7 _a82 Література. Літературознавство
_2UDC
999 _c405974
_d405974